书目信息 |
| 题名: |
抗击美国海空战争的人民战争
|
|
| 作者: | 武元甲 著 | |
| 分册: | ||
| 出版信息: | 河内 越南外文出版社 1974 |
|
| 页数: | 176页 | |
| 开本: | 20cm | |
| 丛书名: | ||
| 单 册: | ||
| 中图分类: | E0 | |
| 科图分类: | ||
| 主题词: | 军事理论 | |
| 电子资源: | ||
| ISBN: | ||
| 000 | 00542nam0 2200181 450 | |
| 001 | 0659073843 | |
| 005 | 20060801162636.87 | |
| 010 | @dCNY0.35 | |
| 100 | @a20060801d1974 km y0chiy0120 ea | |
| 101 | 0 | @achi |
| 200 | 1 | @a抗击美国海空战争的人民战争@Akang ji mei guo hai kong zhan zheng de ren min zhan zheng@f(越南)武元甲著@F(yue nan)wu yuan jia zhu |
| 210 | @a河内@c越南外文出版社@d1974 | |
| 215 | @a176页@d20cm | |
| 606 | 0 | @a军事理论 |
| 690 | @aE0@v3 | |
| 701 | 0 | @a武元甲@Awu yuan jia@4著 |
| 801 | 0 | @aCN@bPFT@c20060801 |
| 905 | @a10447@dE0@e13 | |
| 抗击美国海空战争的人民战争/(越南)武元甲著.-河内:越南外文出版社,1974 |
| 176页;20cm |
| ISBN :CNY0.35 |
| ● |
| 相关链接 |
|
|
|
|
正题名:抗击美国海空战争的人民战争
索取号:E0/13
 
预约/预借
| 序号 | 登录号 | 条形码 | 馆藏地/架位号 | 状态 | 备注 |
| 1 | 0441309 | 204413090 | 密集书库/ [索取号:E0/13] | 在馆 |